| 000 | 00435nam a2200181Ia 4500 | ||
|---|---|---|---|
| 008 | 230711s9999||||xx |||||||||||||| ||und|| | ||
| 020 | _a978-81-265-4182-9 | ||
| 041 | _aENG | ||
| 082 |
_a624.151 _bPA-E |
||
| 100 | _aParthasarathy,A | ||
| 245 | 0 | _aEngineering geology | |
| 250 | _a1st Ed. | ||
| 260 |
_c2013 _aNew Delhi _bWiley & Sons |
||
| 300 | _a504p. | ||
| 650 | _aCivil Engineering | ||
| 700 | _aPanchapakesan,V | ||
| 942 | _cBK | ||
| 999 |
_c5872 _d5872 |
||